MDQL
is popping MORE tags! Check the
thread
!
Quizzes
Events
Quiz Creation
Community
Videos
Private Events
Remove Ads
Sign In
Join for FREE
Feedback
Dark Mode
Quiz Categories
Sports
Geography
Music
Movies
Television
Just For Fun
Miscellaneous
History
Literature
Language
Science
Gaming
Entertainment
Religion
Holiday
For Kids
Quiz Lab
Recent
Popular Today
Quiz Kudos Today
Editor Picks
Curator Picks
Quizzes by...
Day
Popularity
Type
Ratings
Length
Year
Community
Subscriptions
Recent Discussions
Orange Saloon
Badges
Playlists
Quests
Create
Leaderboards
Showdown
Live 5
Trivia Bingo
Activity
Puzzle Library
Sporcle Events
Private Events
Virtual Trivia
Globe League
Become a Host
Pub Owners
SporcleCon
Opinionation
Our Games
Videos
Blog
Mobile Apps
Partnerships
Remove Ads and Go Orange
Feedback
Television
TV Characters
TV Show
Sitcom
Network
Friends
Reality Shows
Cast
South Park
Star Trek
The Simpsons
Doctor Who
Television
TV Characters
TV Show
Sitcom
Network
Friends
Reality Shows
Cast
South Park
Star Trek
The Simpsons
Doctor Who
Random Quiz
Search Sporcle
×
Quiz Lab
Quiz Lab
Television
season
Type in answers that appear in a list
Type in answers that appear in a list
Classic
Best Score? Go Orange.
Supernatural episodes season 1-5 Stats
Can you name the Supernatural episodes season 1-5?
By
pantherscout
13m
104 Questions
374 Plays
374 Plays
374 Plays
Comments
Comments
Give Quiz Kudos
Give Quiz Kudos
-
- Ratings
hide this ad
Replay
Link that replays current quiz
Next Quiz
Link to next quiz in quiz playlist
You Got
0%
They Got
Avg Score
74%
Avg Friend Score
Upgrade to see
Score Distribution
Jump to the score distribution portion of the page
Score
0/104
Timer
13:00
0
Plays Today
% Correct
Pilot
95.2%
Wendigo
94.7%
bloody mary
88.8%
Dead in the water
87.2%
home
85.6%
lazarus rising
85.3%
phantom traveler
84.5%
hook man
84.2%
skin
84%
scarecrow
83.4%
all hell breaks loose
83.2%
all hell breaks loose
83.2%
lucifer rising
83.2%
bugs
82.6%
route 666
82.6%
devil's trap
82.6%
swan song
82.1%
faith
81.8%
provenance
81.8%
in my time of dying
81.6%
salvation
81.3%
are you there god its me dean winchester
81%
asylum
80.7%
everybody loves a clown
80.5%
dead man's blood
80.2%
the magnificent seven
79.1%
no rest for the wicked
78.6%
the benders
78.3%
hell house
78.1%
shadow
77.8%
something wicked
77.8%
jus in bello
77.5%
sympathy for the devil
77.3%
bad day at black rock
77%
yellow fever
77%
% Correct
changing channels
77%
bloodlust
76.7%
tall tales
76.7%
mystery spot
75.9%
good god yall
75.9%
nightmare
75.7%
hunted
75.7%
in the beginning
75.7%
its the great pumpkin sam winchester
75.4%
heart
75.1%
ghostfacers
75.1%
children shouldn't play with dead things
74.6%
what is and what should never be
74.6%
the end
74.6%
no exit
74.3%
the kids are alright
74.3%
i know what you did last summer
74.3%
red sky at morning
74.1%
folsom prison blues
73.8%
the curious case of dean winchester
73.8%
simon said
73.5%
playthings
73.5%
free to be you and me
73.3%
heaven and hell
73%
on the head of a pin
72.7%
sam interrupted
72.7%
a very supernatural christmas
72.5%
abandon all hope
72.5%
croatoan
72.2%
time is on my side
72.2%
monster movie
72.2%
when the levee breaks
72.2%
two minutes to midnight
71.9%
crossroad blues
71.7%
sin city
71.4%
% Correct
born under a bad sign
71.1%
bedtime stories
70.6%
the rapture
70.6%
fresh blood
70.3%
the monster at the end of this book
70.1%
i believe the children are our future
69.8%
99 problems
69.5%
hammer of the gods
69.3%
the usual suspects
69%
nightshifter
69%
jump the shark
69%
the real ghostbusters
69%
roadkill
68.7%
hollywood babylon
68.2%
fallen idols
68.2%
malleus maleficarum
67.9%
sex and violence
67.9%
its a terrible life
67.9%
swap meat
67.9%
long distance call
67.6%
metamorphosis
67.6%
houses of the holy
66.8%
criss angel is a douchebag
66.6%
dead men don't wear plaid
66.6%
wishful thinking
66.3%
dark side of the moon
66.3%
after school special
66%
my bloody valentine
66%
the song remains the same
65.2%
death takes a holiday
64.4%
dream a little dream of me
64.2%
the devil you know
63.9%
family remains
63.6%
point of no return
63.4%
Quiz Playlist
Details
Report
Send in Message
Add To Playlist
Classic:
Type in answers that appear in a list
Quiz Source
Last Updated: Feb 16, 2017
Quiz Scoreboard
CHALLENGE
Sign Up to Join the Scoreboard
Show All
Scores
Hide
Comments
May contain spoilers
Recently Published
Two Season TV Shows II
by 123Four
Television
10m
Image Sorting: Flags VI
by Barbecue
Geography
2m
Find the 'City' Movie
by crazypaving
Movies
60s
More to Explore
Quiz From the Vault
Featured Blog Post
14 Easter Pick-up Lines to Find Eggs With
hide this ad
You Might Also Like...
Tags
1-5
episode
season
Supernatural
Today's Top Quizzes in Television
Browse Television
hide this ad
Today's Top Quizzes in season
Browse season
Top Contributed Quizzes in Television
1
Survivor Journey Challenge
2
Brooklyn Nine Nine Logic Puzzle (How-To-Play)
3
Adjectives in 00s TV Shows
4
Total Drama Characters
5
Survivor Logic Puzzle: Heroes vs. Villains
6
Phoebe Buffay Quotes
7
Survivor Heroes vs. Villains Logic Puzzle
8
Survivor Trivia
9
Emmerdale Characters (from August 2012)
10
Adjectives in 10s TV Shows
Explore More
Trending Topics
Disney
Marvel
Kpop
Anime
Crossword
NBA
Harry Potter
Country
The Office
WWE
NFL
Puzzle
Pokémon
Song
Soccer
hide this ad
More By:
pantherscout
Quiz
Plays
Rating
Category
Featured
Created
Name the monsters in Supernatural
487
1.00
Television
Oct 12, 2010
Supernatural episodes season 1-5
374
Television
Oct 12, 2010
Go to Creator's Profile
Score Distribution
Quiz Creator Spotlight
pantherscout
Follow
Send a Message
Quizzes Created
-
Created Quiz Play Count
-
More By This Creator
Popular Quizzes Today
1
Find the US States - No Outlines Minefield
2
Colored Red Africa Blitz
3
Find the 'City' Movie
4
5x2 Blitz: Bands
5
The Countries of the World
6
Find the Countries of Europe - No Outlines Minefield
7
Find the US States
8
US States
More Television Quizzes
Picture Click: Ed Asner Emmy-Winning Roles
Quiz Lab
Trending Quizzes
Colored Red Europe Blitz I
Colored Red Africa Blitz II
Colored Red Europe Blitz II
Colored Red Africa Blitz III
Colored Red Europe Blitz III
Recently Updated
How Do You Spell That?
pecheneg
Godzilla Movies
pecheneg
Grab Bag: 4-10 Letters
pecheneg
2024 March Madness Bracket
pecheneg
Famous TV Couples
Peacemaker
Champions League XIs: Real Madrid
pecheneg
Largest US Cities 1790-2010
pecheneg
Rides in Walt Disney World
pecheneg
Most Oscar Losses (Acting)
pecheneg
Beyoncé Albums
pecheneg
Trending Topics
Crossword
Disney
Kpop
Anime
Marvel
Harry Potter
NBA
WWE
Pokémon
NFL
The Office
Puzzle
Soccer
Country
Song
Your Account Isn't Verified!
In order to create a playlist on Sporcle, you need to verify the email address you used during registration. Go to your
Sporcle Settings
to finish the process.
Report this User
Report this user for behavior that violates our
Community Guidelines
.
Details:
Send Report
Go to the Sporcle.com Mobile Site →
Comments